Christmas Food Anagrams - Statistics

General Stats
  • This quiz has been taken 40 times
  • The average score is 11 of 14
Answer Stats
Hint Answer % Correct
keyurt turkey
97%
vargy gravy
94%
brerncray aeucs cranberry sauce
91%
gips ni klasbent pigs in blankets
88%
niftufgs stuffing
88%
neyoh zlaged amh honey glazed ham
84%
slerubs prostus brussel sprouts
81%
shamed topotsae mashed potatoes
81%
spae peas
81%
cinme iesp mince pies
78%
luey olg yule log
78%
traso spetoota roast potatoes
72%
tarcors carrots
69%
horskiery spidugnd yorkshire puddings
63%
No matching quizzes found
Score Distribution
Percent of People with Each Score
Percentile by Number Answered
Your Score History
You have not taken this quiz